Online
Catalog

Introductory circuit analysis / (Record no. 21034)

MARC details
000 -CABECERA
campo de control de longitud fija 00768nam a2200253 a 4500
001 - NÚMERO DE CONTROL
campo de control 000021534
005 - FECHA Y HORA DE LA ÚLTIMA TRANSACCIÓN
campo de control 20200930011346.0
008 - DATOS DE LONGITUD FIJA--INFORMACIÓN GENERAL
campo de control de longitud fija 100908s1982 xxuad r 000 0 spa d
020 ## - NÚMERO INTERNACIONAL ESTÁNDAR DEL LIBRO
Número Internacional Estándar del Libro 0675099382
040 ## - FUENTE DE LA CATALOGACIÓN
Centro catalogador/agencia de origen DO-SdBNP
Lengua de catalogación spa
Centro/agencia transcriptor BNPHU
082 ## - NÚMERO DE LA CLASIFICACIÓN DECIMAL DEWEY
Número de clasificación 621.3192
Número de documento/Ítem B792i, 1982
049 ## - FONDOS LOCALES (OCLC)
Fondos de biblioteca BNGR
100 1# - ENTRADA PRINCIPAL--NOMBRE DE PERSONA
Nombre de persona Boylestad, Robert L.
9 (RLIN) 44895
245 10 - MENCIÓN DE TÍTULO
Título Introductory circuit analysis /
Mención de responsabilidad, etc. Robert L. Boylestad.
250 ## - MENCIÓN DE EDICIÓN
Mención de edición 4a ed.
260 ## - PUBLICACIÓN, DISTRIBUCIÓN, ETC.
Lugar de publicación, distribución, etc. Ohio :
Nombre del editor, distribuidor, etc. Charles e. Merrill Publishing Company,
Fecha de publicación, distribución, etc. 1982.
300 ## - DESCRIPCIÓN FÍSICA
Extensión xii, 788 p. ; :
Otras características físicas il., diag. ;
Dimensiones 26 cm.
500 ## - NOTA GENERAL
Nota general Incluye índice alfabético.
650 #4 - PUNTO DE ACCESO ADICIONAL DE MATERIA--TÉRMINO DE MATERIA
Término de materia o nombre geográfico como elemento de entrada Circuitos eléctricos
9 (RLIN) 25833
700 1# - PUNTO DE ACCESO ADICIONAL--NOMBRE DE PERSONA
Nombre de persona Marie, Else
9 (RLIN) 44896
700 1# - PUNTO DE ACCESO ADICIONAL--NOMBRE DE PERSONA
Nombre de persona Jo, Eric
9 (RLIN) 44897
700 1# - PUNTO DE ACCESO ADICIONAL--NOMBRE DE PERSONA
Nombre de persona Jo, Alison
9 (RLIN) 44898
700 1# - PUNTO DE ACCESO ADICIONAL--NOMBRE DE PERSONA
Nombre de persona Jo, Stacey
9 (RLIN) 44899
Holdings
Estado de retiro Estado de pérdida Restricciones de uso No para préstamo Código de colección Localización permanente Ubicación/localización actual Ubicación en estantería Fecha de adquisición Número de inventario Total de préstamos Signatura topográfica completa Código de barras Fecha visto por última vez Precio válido a partir de Tipo de ítem Koha
        Monografías: Libros y Folletos General General En catalogación 08.09.2010 LF1   621.3192 B792i, 1982 21534-10 25.06.2020 25.06.2020 Préstamo en sala

Powered by Koha